[Event "84th ESP-ch 2019"]
[Site "Marbella"]
[Date "2019.11.24"]
[Round "9.39"]
[White "Hernandez Perez, Jesus"]
[Black "Diaz Mino, Pablo"]
[Result "0-1"]
[WhiteElo "1956"]
[BlackElo "2135"]
[Annotator "NA"]
[PlyCount "94"]
[EventDate "2019.11.16"]
[EventType "swiss"]
[EventCountry "ESP"]
[SourceTitle "playchess.com"]
[Source "ChessBase"]
[SourceQuality "1"]
[TimeControl "5400+30"]

1. e4 {[%emt 0:01:42]} e5 {[%emt 0:00:00]} 2. Nc3 {[%emt 0:00:10]} Nc6 {[%emt 0:00:06]} 3. Nf3 {[%emt 0:00:11]} Nf6 {[%emt 0:00:05]} 4. Bb5 {[%emt 0:00:10]} Bb4 {[%emt 0:00:05]} 5. O-O {[%emt 0:00:41]} O-O {[%emt 0:00:05]} 6. d3 {[%emt 0:00:40]} Bxc3 {[%emt 0:00:04]} 7. bxc3 {[%emt 0:00:16]} Qe7 {[%emt 0:00:40]} 8. Bg5 {[%emt 0:02:53]} h6 {[%emt 0:01:01]} 9. Bh4 {[%emt 0:02:22]} Nd8 {[%emt 0:11:50]} 10. Bc4 {[%emt 0:14:38]} d6 {[%emt 0:04:22]} 11. Re1 {[%emt 0:03:36]} Be6 {[%emt 0:03:18]} 12. Bxe6 {[%emt 0:02:36]} Nxe6 {[%emt 0:00:35]} 13. Bxf6 {[%emt 0:01:18]} Qxf6 {[%emt 0:00:08]} 14. g3 {[%emt 0:01:12]} Rad8 {[%emt 0:13:45]} 15. Qe2 {[%emt 0:05:17]} Rfe8 {[%emt 0:01:08]} 16. Nh4 {[%emt 0:05:55]} g6 {[%emt 0:04:25]} 17. Qe3 {[%emt 0:05:51]} g5 {[%emt 0:07:46]} 18. Nf5 {[%emt 0:02:03]} b6 {[%emt 0:02:27]} 19. a4 {[%emt 0:03:09]} a5 {[%emt 0:00:19]} 20. Kg2 {[%emt 0:01:41]} Ng7 {[%emt 0:09:07]} 21. Nxg7 {[%emt 0:01:55]} Kxg7 {[%emt 0:00:11]} 22. d4 {[%emt 0:05:20]} d5 {[%emt 0:03:57]} 23. exd5 {[%emt 0:08:46]} Rxd5 {[%emt 0:01:44]} 24. Qf3 {[%emt 0:05:42]} Red8 {[%emt 0:00:53]} 25. dxe5 {[%emt 0:01:10]} Rxe5 {[%emt 0:00:13]} 26. Qxf6+ {[%emt 0:02:49]} Kxf6 {[%emt 0:00:04]} 27. Rxe5 {[%emt 0:00:15]} Kxe5 {[%emt 0:00:02]} 28. Kf3 {[%emt 0:02:21]} f5 {[%emt 0:00:31]} 29. Ke2 {[%emt 0:05:06]} g4 {[%emt 0:00:54]} 30. Ke3 {[%emt 0:00:36]} f4+ {[%emt 0:06:40]} 31. gxf4+ {[%emt 0:02:41]} Kf5 {[%emt 0:00:01]} 32. f3 {[%emt 0:00:49]} gxf3 {[%emt 0:00:18]} 33. Rf1 {[%emt 0:03:02]} Re8+ {[%emt 0:00:10]} 34. Kxf3 {[%emt 0:02:57]} Re4 {[%emt 0:00:05]} 35. Kg3 {[%emt 0:02:16]} Rxa4 {[%emt 0:00:28]} 36. Rd1 {[%emt 0:00:21]} Rxf4 {[%emt 0:01:29]} 37. Rd5+ {[%emt 0:03:20]} Ke6 {[%emt 0:00:01]} 38. Rh5 {[%emt 0:00:21]} Rf6 {[%emt 0:00:17]} 39. Rh4 {[%emt 0:00:11]} Kd6 {[%emt 0:00:31]} 40. Rc4 {[%emt 0:00:52]} b5 {[%emt 0:00:21]} 41. Rd4+ {[%emt 0:00:23]} Kc5 {[%emt 0:00:30]} 42. h4 {[%emt 0:00:05]} a4 {[%emt 0:00:17]} 43. h5 {[%emt 0:00:19]} a3 {[%emt 0:00:19]} 44. Rd1 {[%emt 0:00:43]} Kc4 {[%emt 0:00:13]} 45. Ra1 {[%emt 0:00:02]} Ra6 {[%emt 0:00:15]} 46. Kf4 {[%emt 0:01:14]} Kxc3 {[%emt 0:00:07]} 47. Ra2 {[%emt 0:00:04]} b4 {[%emt 0:00:11]} 0-1

[Event "84th ESP-ch 2019"]
[Site "Marbella"]
[Date "2019.11.24"]
[Round "9.40"]
[White "Sanchez Elena, Lucia"]
[Black "Guillo Longares, Cecilia"]
[Result "0-1"]
[WhiteElo "1662"]
[BlackElo "2100"]
[Annotator "NA"]
[PlyCount "54"]
[EventDate "2019.11.16"]
[EventType "swiss"]
[EventCountry "ESP"]
[SourceTitle "playchess.com"]
[Source "ChessBase"]
[SourceQuality "1"]
[TimeControl "5400+30"]

1. e4 {[%emt 0:00:00]} c5 {[%emt 0:00:00]} 2. Nf3 {[%emt 0:00:00]} Nc6 {[%emt 0:00:00]} 3. d4 {[%emt 0:00:00]} cxd4 {[%emt 0:00:00]} 4. Nxd4 {[%emt 0:00:00]} g6 {[%emt 0:00:00]} 5. Nc3 {[%emt 0:00:10]} Bg7 {[%emt 0:00:00]} 6. Be3 {[%emt 0:00:05]} Nf6 {[%emt 0:00:00]} 7. f3 {[%emt 0:00:38]} O-O {[%emt 0:00:00]} 8. Qd2 {[%emt 0:00:12]} d5 {[%emt 0:00:05]} 9. Nxc6 {[%emt 0:05:30]} bxc6 {[%emt 0:00:06]} 10. O-O-O {[%emt 0:00:25]} Be6 {[%emt 0:00:52]} 11. Bc5 {[%emt 0:12:38]} Qc7 {[%emt 0:12:36]} 12. Be2 {[%emt 0:05:05]} Rfd8 {[%emt 0:02:20]} 13. Qe3 {[%emt 0:00:37]} dxe4 {[%emt 0:04:35]} 14. fxe4 {[%emt 0:00:30]} Ng4 {[%emt 0:01:55]} 15. Bxg4 {[%emt 0:06:59]} Bxg4 {[%emt 0:00:41]} 16. Rxd8+ {[%emt 0:00:11]} Rxd8 {[%emt 0:14:25]} 17. Qg5 {[%emt 0:05:29]} Qd7 {[%emt 0:01:33]} 18. h3 {[%emt 0:10:04]} h6 {[%emt 0:13:33]} 19. Qxg4 {[%emt 0:17:06]} Qd2+ {[%emt 0:00:14]} 20. Kb1 {[%emt 0:00:07]} Bxc3 {[%emt 0:00:09]} 21. bxc3 {[%emt 0:00:19]} Qxc3 {[%emt 0:00:58]} 22. Bxa7 {[%emt 0:00:07]} Rd2 {[%emt 0:00:15]} 23. Rc1 {[%emt 0:01:59]} Qb4+ {[%emt 0:00:14]} 24. Ka1 {[%emt 0:00:07]} Qa3 {[%emt 0:00:27]} 25. Qc8+ {[%emt 0:04:39]} Kg7 {[%emt 0:02:46]} 26. Rf1 {[%emt 0:01:15]} Qc3+ {[%emt 0:00:11]} 27. Kb1 {[%emt 0:00:13]} Qxc2+ {[%emt 0:00:04]} 0-1

[Event "84th ESP-ch 2019"]
[Site "Marbella"]
[Date "2019.11.24"]
[Round "9.41"]
[White "Aguado Doncel, Pablo Luis"]
[Black "Abreu Suarez, Isauro"]
[Result "1-0"]
[WhiteElo "2062"]
[BlackElo "1974"]
[Annotator "NA"]
[PlyCount "113"]
[EventDate "2019.11.16"]
[EventType "swiss"]
[EventCountry "ESP"]
[SourceTitle "playchess.com"]
[Source "ChessBase"]
[SourceQuality "1"]
[TimeControl "5400+30"]

1. d4 {[%emt 0:00:00]} d5 {[%emt 0:00:35]} 2. c4 {[%emt 0:00:00]} e5 {[%emt 0:00:25]} 3. dxe5 {[%emt 0:00:33]} d4 {[%emt 0:00:13]} 4. Nf3 {[%emt 0:00:37]} Nc6 {[%emt 0:00:11]} 5. a3 {[%emt 0:00:31]} Bg4 {[%emt 0:03:28]} 6. e3 {[%emt 0:07:10]} dxe3 {[%emt 0:02:59]} 7. Qxd8+ {[%emt 0:00:37]} Rxd8 {[%emt 0:00:07]} 8. Bxe3 {[%emt 0:00:16]} Nxe5 {[%emt 0:00:44]} 9. Be2 {[%emt 0:03:28]} Nxf3+ {[%emt 0:14:02]} 10. Bxf3 {[%emt 0:00:59]} Bxf3 {[%emt 0:00:17]} 11. gxf3 {[%emt 0:00:02]} Nf6 {[%emt 0:07:40]} 12. Rg1 {[%emt 0:01:09]} h6 {[%emt 0:01:46]} 13. Nc3 {[%emt 0:00:34]} a6 {[%emt 0:00:34]} 14. Ke2 {[%emt 0:01:18]} Nh5 {[%emt 0:09:18]} 15. c5 {[%emt 0:13:30]} f5 {[%emt 0:11:17]} 16. f4 {[%emt 0:03:34]} Be7 {[%emt 0:02:39]} 17. Rad1 {[%emt 0:00:56]} c6 {[%emt 0:00:54]} 18. Na4 {[%emt 0:05:34]} O-O {[%emt 0:04:00]} 19. Nb6 {[%emt 0:00:22]} Rxd1 {[%emt 0:01:48]} 20. Rxd1 {[%emt 0:00:20]} Rd8 {[%emt 0:00:24]} 21. Nc4 {[%emt 0:07:54]} Rxd1 {[%emt 0:04:33]} 22. Kxd1 {[%emt 0:00:01]} Bd8 {[%emt 0:00:18]} 23. Nd6 {[%emt 0:05:42]} Bc7 {[%emt 0:00:33]} 24. Nxb7 {[%emt 0:00:51]} Kf7 {[%emt 0:07:51]} 25. Ke2 {[%emt 0:01:35]} Ke6 {[%emt 0:00:30]} 26. Kf3 {[%emt 0:02:18]} Kd5 {[%emt 0:09:52]} 27. b4 {[%emt 0:01:43]} Nf6 {[%emt 0:03:05]} 28. Bc1 {[%emt 0:01:19]} Ne4 {[%emt 0:01:36]} 29. h4 {[%emt 0:05:20]} g6 {[%emt 0:00:13]} 30. Ke3 {[%emt 0:00:31]} Nf6 {[%emt 0:03:06]} 31. Ke2 {[%emt 0:08:08]} Nh5 {[%emt 0:00:44]} 32. Kf3 {[%emt 0:00:23]} Nf6 {[%emt 0:01:50]} 33. Bb2 {[%emt 0:01:07]} Nh5 {[%emt 0:00:10]} 34. Be5 {[%emt 0:01:15]} Bxe5 {[%emt 0:00:16]} 35. fxe5 {[%emt 0:00:01]} g5 {[%emt 0:02:07]} 36. hxg5 {[%emt 0:01:07]} hxg5 {[%emt 0:00:05]} 37. Nd8 {[%emt 0:00:33]} Ng7 {[%emt 0:03:44]} 38. Nf7 {[%emt 0:01:32]} Ne6 {[%emt 0:00:08]} 39. Ke3 {[%emt 0:00:30]} g4 {[%emt 0:00:37]} 40. f4 {[%emt 0:06:34]} gxf3 {[%emt 0:02:06]} 41. Kxf3 {[%emt 0:00:18]} Kd4 {[%emt 0:02:37]} 42. Kf2 {[%emt 0:05:03]} Ke4 {[%emt 0:00:52]} 43. Ke2 {[%emt 0:01:04]} Nd4+ {[%emt 0:00:34]} 44. Kf2 {[%emt 0:01:35]} f4 {[%emt 0:00:37]} 45. Ng5+ {[%emt 0:04:57]} Kxe5 {[%emt 0:00:13]} 46. Nf3+ {[%emt 0:00:25]} Kd5 {[%emt 0:00:49]} 47. Nxd4 {[%emt 0:00:39]} Kxd4 {[%emt 0:00:04]} 48. Kf3 {[%emt 0:00:40]} Kc4 {[%emt 0:00:12]} 49. Kxf4 {[%emt 0:00:17]} Kb3 {[%emt 0:00:10]} 50. Ke5 {[%emt 0:00:43]} Kxa3 {[%emt 0:00:14]} 51. Kd6 {[%emt 0:01:03]} Kxb4 {[%emt 0:00:09]} 52. Kxc6 {[%emt 0:00:14]} a5 {[%emt 0:00:10]} 53. Kd5 {[%emt 0:00:39]} a4 {[%emt 0:02:05]} 54. c6 {[%emt 0:00:05]} a3 {[%emt 0:00:41]} 55. c7 {[%emt 0:00:04]} Kb3 {[%emt 0:00:45]} 56. c8=Q {[%emt 0:00:23]} a2 {[%emt 0:00:15]} 57. Qc1 {[%emt 0:00:08]} 1-0

[Event "84th ESP-ch 2019"]
[Site "Marbella"]
[Date "2019.11.24"]
[Round "9.42"]
[White "Martin Carmona, Gaston Manuel"]
[Black "Moreno Latorre, Fco Jose"]
[Result "0-1"]
[WhiteElo "2304"]
[BlackElo "1875"]
[Annotator "NA"]
[PlyCount "46"]
[EventDate "2019.11.16"]
[EventType "swiss"]
[EventCountry "ESP"]
[SourceTitle "playchess.com"]
[Source "ChessBase"]
[SourceQuality "1"]
[TimeControl "5400+30"]

1. d4 {[%emt 0:05:14]} Nf6 {[%emt 0:00:00]} 2. c4 {[%emt 0:01:36]} g6 {[%emt 0:00:00]} 3. Nc3 {[%emt 0:03:18]} Bg7 {[%emt 0:00:24]} 4. e4 {[%emt 0:00:42]} d6 {[%emt 0:00:09]} 5. Nf3 {[%emt 0:00:05]} O-O {[%emt 0:00:05]} 6. Be2 {[%emt 0:00:06]} Nbd7 {[%emt 0:00:19]} 7. O-O {[%emt 0:00:45]} e5 {[%emt 0:00:15]} 8. Be3 {[%emt 0:06:52]} Ng4 {[%emt 0:16:13]} 9. Bg5 {[%emt 0:00:37]} f6 {[%emt 0:00:22]} 10. Bh4 {[%emt 0:03:03]} Nh6 {[%emt 0:04:40]} 11. dxe5 {[%emt 0:04:53]} dxe5 {[%emt 0:03:13]} 12. Qb3 {[%emt 0:00:30]} Nf7 {[%emt 0:02:28]} 13. c5 {[%emt 0:00:47]} c6 {[%emt 0:03:26]} 14. Qc4 {[%emt 0:02:39]} Qe7 {[%emt 0:20:07]} 15. b4 {[%emt 0:01:54]} Rd8 {[%emt 0:00:57]} 16. Rfd1 {[%emt 0:04:48]} a5 {[%emt 0:01:05]} 17. b5 {[%emt 0:00:30]} Bf8 {[%emt 0:07:24]} 18. Rd6 {[%emt 0:14:14]} g5 {[%emt 0:19:38]} 19. Bxg5 fxg5 {[%emt 0:02:17]} 20. Re6 {[%emt 0:11:47]} Qxc5 {[%emt 0:00:59]} 21. Nxg5 {[%emt 0:00:30]} Qxc4 {[%emt 0:00:30]} 22. Bxc4 {[%emt 0:00:07]} Nb6 {[%emt 0:08:54]} 23. Nxf7 {[%emt 0:11:50]} Kxf7 {[%emt 0:00:02]} 0-1